Spotrebitelia si na sviatky doprajú

Pre prichádzajúce sviatky sú typické obrovské nákupy a zároveň zvýhodnené spotrebiteľské ceny. Výrobcovia a obchodníci si kvôli zdražovaniu budú musieť premyslieť svoju cenovú politiku. Zákazníci si cez tradičné obdobie radi doprajú a kupujú kvalitnejšie potraviny a alkohol.

Gespeichert in:
Bibliographische Detailangaben
1. Verfasser: Kapitán, Peter
Format: Buchkapitel
Sprache:Slowakisch
Schlagworte:
Tags: Tag hinzufügen
Keine Tags, Fügen Sie das erste Tag hinzu!

MARC

LEADER 00000naa a2200000 4500
001 0288488
005 20240417075218.2
041 0 |a slo 
044 |a CZ 
245 1 0 |a Spotrebitelia si na sviatky doprajú  |c Peter Kapitán 
520 |a Pre prichádzajúce sviatky sú typické obrovské nákupy a zároveň zvýhodnené spotrebiteľské ceny. Výrobcovia a obchodníci si kvôli zdražovaniu budú musieť premyslieť svoju cenovú politiku. Zákazníci si cez tradičné obdobie radi doprajú a kupujú kvalitnejšie potraviny a alkohol. 
610 2 0 |a inflácia 
610 2 0 |a sviatok štátny 
610 2 0 |a spotrebitelia 
610 2 0 |a nápoje alkoholické 
610 2 0 |a pochutiny 
610 2 0 |a zľavy obchodné 
100 1 |a Kapitán, Peter